PRODUCT DESIGN & MANUFACTURING (Record no. 18436)

MARC details
000 -LEADER
fixed length control field 00346nam a22001577a 4500
003 - CONTROL NUMBER IDENTIFIER
control field SGT
020 ## - INTERNATIONAL STANDARD BOOK NUMBER
International Standard Book Number 9788120348738
082 ## - DEWEY DECIMAL CLASSIFICATION NUMBER
Classification number 658.5752,GUP
100 ## - MAIN ENTRY--PERSONAL NAME
Personal name GUPTA,R.C.
245 ## - TITLE STATEMENT
Title PRODUCT DESIGN & MANUFACTURING
250 ## - EDITION STATEMENT
Edition statement 6TH
260 ## - PUBLICATION, DISTRIBUTION, ETC. (IMPRINT)
Place of publication, distribution, etc NEW DELHI
Name of publisher, distributor, etc PHI
Year of Publication 2015
300 ## - PAGE DESCRIPTION
No. of Pages 606
650 ## - SUBJECT ADDED ENTRY--TOPICAL TERM
Topical term or geographic name as entry element GENERAL MANAGEMENT
942 ## - ADDED ENTRY ELEMENTS (KOHA)
Source of classification or shelving scheme Dewey Decimal Classification
Koha item type Books
942 ## - ADDED ENTRY ELEMENTS (KOHA)
-- 3
Holdings
Withdrawn status Lost status Source of classification or shelving scheme Damaged status Not for loan Collection code Home library Current library Shelving location Date acquired Vendor Name Cost, normal purchase price SGTU Bill Number Total Checkouts Full call number Accession No. (Barcode) Date last seen Bill Date Koha item type Date last borrowed
    Dewey Decimal Classification     ENGINEERING SGT Engineering Library SGT Engineering Library Text Book 28/06/2019 KIRTI PRAKASHAN 375.00 SGTU IN3775   658.5752,GUP FE7582 28/06/2019 02/05/2019 Books  
    Dewey Decimal Classification     ENGINEERING SGT Engineering Library SGT Engineering Library Text Book 28/06/2019 KIRTI PRAKASHAN 375.00 SGTU IN3775 3 658.5752,GUP FE7583 17/04/2024 02/05/2019 Books 03/04/2024